Adolescencia, sexo y sociedad actual

Gespeichert in:
Bibliographische Detailangaben
Hauptverfasser: Roa Rebolledo, Armando (VerfasserIn), Quintana, Manuel (VerfasserIn), Varela, Mario (VerfasserIn), Lailhacar Ch., Roberto (VerfasserIn), Raggi, Carmen (VerfasserIn)
Weitere Verfasser: Pallavicini Magnère, Julio (autor)
Format: Buch
Sprache:Spanisch
Veröffentlicht: Santiago Universidad Católica de Chile 1974
Schriftenreihe:Colección universidad y ciencia
Schlagworte:
Tags: Tag hinzufügen
Keine Tags, Fügen Sie den ersten Tag hinzu!

MARC

LEADER 00000nam a2200000 a 4500
001 UCY7286
003 CL-VaPUC
008 950609e19740800CL |||||||||||||||||spa|d
082 0 4 |a 305.23  |b ROA  |2 21 
100 0 |a Roa Rebolledo, Armando  |e author  |9 337698 
700 0 |a Quintana, Manuel  |e author  |9 337699 
700 0 |a Varela, Mario  |e author  |9 337700 
700 |a Lailhacar Ch., Roberto  |e author  |9 337701 
700 |a Pallavicini Magnère, Julio  |e autor  |9 580863 
700 0 |a Raggi, Carmen  |e author  |9 337703 
245 1 0 |a Adolescencia, sexo y sociedad actual 
300 |a 91 p 
942 |c BK 
945 |d 19950609 00:00:00  |a cmena 
260 |a Santiago  |b Universidad Católica de Chile  |c 1974 
650 0 |a Juventud  |9 271073 
650 0 |a Sociología   |9 255410 
650 0 |a Psicología del adolescente   |9 307864 
650 7 |a TOXICOMANIA  |2 CL-VaPUC  |9 307600 
650 0 |a Drogas  |9 254877 
650 0 |a Sociedad contemporánea  |9 337179 
650 0 |a Familias   |9 255641 
650 0 |a Alcoholismo  |9 259651 
650 0 |a Problemas sociales  |9 258537 
650 0 |a Psicoanálisis   |9 265702 
583 |a last modification  |c 20130410 11:45:18  |k Rodrigo Vera 
490 0 |a Colección universidad y ciencia 
999 |c 234700  |d 234698 
952 |0 0  |1 0  |4 0  |6 305_230000000000000_ROA_1974  |7 0  |8 P  |9 241325  |a BIBEDU  |b BIBEDU  |c BIBEDU_PB  |d 2019-11-18  |i 1517872  |o 305.23 ROA 1974  |p 1517872  |r 2024-01-25  |w 2019-11-18  |y BK  |k EDU 
952 |0 0  |1 0  |4 0  |6 305_230000000000000_ROA_1974  |7 0  |8 P  |9 241326  |a BIBEDU  |b BIBEDU  |c BIBEDU_PB  |d 2019-11-18  |i 1517880  |l 1  |o 305.23 ROA 1974  |p 1517880  |r 2024-01-25  |s 2020-12-01  |w 2019-11-18  |y BK  |k EDU